000 00639cam a2200157 i 4500
005 20260204104705.0
008 250721r1996 ua gr 000 0 ara d
082 1 4 _a339.8
_bع و ض
100 1 _aعوض، أحمد عبد التواب
_eمعد.
245 1 2 _aالترقيص والغناء للأطفال عند العرب /
_cإعداد أحمد عبد التواب عوض ؛ تقديم الأستاذ الدكتور أحمد محمد النجار.
264 3 1 _aالقاهره :
_bدار الفضيله،
_c1996.
300 _a112 صفحة.
650 1 7 _aالأغاني الشعبية.
942 _2ddc
_cBK
999 _c11027
_d11027